Online
Catalog

Revolución en Hispanoamerica : (Record no. 30200)

MARC details
000 -CABECERA
campo de control de longitud fija 00922nam a2200289 i 4500
001 - NÚMERO DE CONTROL
campo de control 000030708
003 - IDENTIFICADOR DEL NÚMERO DE CONTROL
campo de control DO-SdBNP
005 - FECHA Y HORA DE LA ÚLTIMA TRANSACCIÓN
campo de control 20241204075652.0
007 - CAMPO FIJO DE DESCRIPCIÓN FÍSICA--INFORMACIÓN GENERAL
campo de control de longitud fija ta
008 - DATOS DE LONGITUD FIJA--INFORMACIÓN GENERAL
campo de control de longitud fija 110526s1966 sp 000 0 spa d
040 ## - FUENTE DE LA CATALOGACIÓN
Centro catalogador/agencia de origen DO-SdBNP
Lengua de catalogación spa
Centro/agencia transcriptor BNPHU
Normas de descripción rda
041 ## - CÓDIGO DE LENGUA
Código de lengua original spa
082 ## - NÚMERO DE LA CLASIFICACIÓN DECIMAL DEWEY
Número de clasificación 972.93054
Número de documento/Ítem Z35r
Número de edición 22
100 1# - ENTRADA PRINCIPAL--NOMBRE DE PERSONA
Nombre de persona Zapico, Marcelino
Término indicativo de función/relación autor
9 (RLIN) 57285
245 10 - MENCIÓN DE TÍTULO
Título Revolución en Hispanoamerica :
Resto del título lo que vi en Santo Domingo /
Mención de responsabilidad, etc. Marcelino Zapico.
264 ## - PRODUCCIÓN, PUBLICACIÓN, DISTRIBUCIÓN, FABRICACIÓN Y COPYRIGHT
Producción, publicación, distribución, fabricación y copyright Madrid :
Nombre del de productor, editor, distribuidor, fabricante Escelicer,
Fecha de producción, publicación, distribución, fabricación o copyright 1966.
300 ## - DESCRIPCIÓN FÍSICA
Extensión 215 páginas :
Otras características físicas retratos. ;
Dimensiones 21 cm.
336 ## - TIPO DE CONTENIDO
Término de tipo de contenido rdacontent
Código de tipo de contenido texto
Fuente txt
337 ## - TIPO DE MEDIO
Nombre/término del tipo de medio rdamedia
Código del tipo de medio sin mediación
Fuente n
338 ## - TIPO DE SOPORTE
Nombre/término del tipo de soporte rdacarrier
Código del tipo de soporte volumen
Fuente nc
490 1# - MENCIÓN DE SERIE
Mención de serie La historia anecdotica
590 ## - NOTA LOCAL (RLIN)
Nota local Inventariado, 2024/DG
651 #0 - PUNTO DE ACCESO ADICIONAL DE MATERIA--NOMBRE GEOGRÁFICO
Nombre geográfico República Dominicana --
Subdivisión general Historia --
Subdivisión cronológica 1961-
9 (RLIN) 6572
830 #0 - PUNTO DE ACCESO ADICIONAL DE SERIE-TÍTULO UNIFORME
Título uniforme La historia anecdotica
9 (RLIN) 57286
910 ## - DATOS DE OPCIÓN DEL USUARIO (OCLC)
Datos de opción del usuario Validado. Control de calidad MFF
942 ## - ELEMENTOS DE PUNTO DE ACCESO ADICIONAL (KOHA)
Fuente del sistema de clasificación o colocación Dewey Decimal Classification
Tipo de ítem Koha Libro
Holdings
Estado de retiro Estado de pérdida Fuente del sistema de clasificación o colocación Restricciones de uso No para préstamo Código de colección Localización permanente Ubicación/localización actual Ubicación en estantería Fecha de adquisición Número de inventario Total de préstamos Signatura topográfica completa Código de barras Fecha visto por última vez Número de copia Precio válido a partir de Tipo de ítem Koha Nota pública Fuente de adquisición
    Dewey Decimal Classification     Dominicana de Servicio Biblioteca Nacional Pedro Henríquez Ureña Biblioteca Nacional Pedro Henríquez Ureña Depósito 25.06.2019 LF1   972.93054 Z35r 30708-30 25.06.2020 e.3 25.06.2020 Préstamo en sala Perteneció a la biblioteca personal de Bárbara Suncar.  
    Dewey Decimal Classification   Excluido de préstamo Patrimonio Dominicano Biblioteca Nacional Pedro Henríquez Ureña Biblioteca Nacional Pedro Henríquez Ureña Depósito 26.05.2011 LF1   972.93054 Z35r 30708-10 25.06.2020   25.06.2020 No se presta Perteneció a la biblioteca personal de Germán Emilio Ornes.  
    Dewey Decimal Classification   Excluido de préstamo Patrimonio Dominicano Biblioteca Nacional Pedro Henríquez Ureña Biblioteca Nacional Pedro Henríquez Ureña Depósito 26.05.2011 LF1   972.93054 Z35r 30708-20 25.06.2020 e.2 25.06.2020 No se presta Perteneció a la biblioteca personal de Martínez Boog.  
    Dewey Decimal Classification Préstamo en sala   Dominicana de Servicio Biblioteca Nacional Pedro Henríquez Ureña Biblioteca Nacional Pedro Henríquez Ureña En catalogación 04.12.2024     BNPHU DS 972.93054 Z35r 2024-6875 04.12.2024 e.4 04.12.2024 Libro Pertenecio a la biblioteca personal de Emilio Cordero Michel Donado por la Presidencia de la República Dominicana 2023

Powered by Koha